Šalátové liečivé rastliny

Podrobná bibliografia
Hlavný autor: Plačková, Silvia (Autor)
Médium: Článok
Jazyk:slovenčina
Predmet:

MARC

LEADER 00000nab a2200000 a 4500
001 vtls000559772
003 SK-MaSNL
005 20260304094938.0
008 250425c1995 xo 0 slo
015 |a SNBRB19rr/mm-uuuuu 
035 |a CL0559910 
035 |a urn:nbn:sk:snk-abeev 
035 |a (urnnbn)urn:nbn:sk:snk:ar-002e2t 
035 |a (uuid)a5844335-2865-47af-98c7-ff96218ec21b 
040 |a SNKBUCL  |b slo  |c SNKBUCL  |e AACR2 
041 0 |a slo 
044 |a xo  |c SK 
080 |a 613.26:635.4:615.322  |2 1981 
080 |a 635.4  |2 1981 
080 |a 615.322  |2 1981 
100 1 |a Plačková, Silvia  |4 aut  |9 12749 
245 1 0 |a Šalátové liečivé rastliny  |c S. Plačková 
300 |b Obr. 3 
650 0 7 |a listová zelenina  |2 snkbucl  |9 87932 
655 7 |a články z novín a časopisov  |2 snkbucl  |9 267496 
773 0 |t Naše liečivé rastliny  |g Roč. 32, č. 4 (1995), s. 118-121  |x 0323-2646 
850 |a Slovenská národná knižnica 
852 |a Slovenská národná knižnica 
954 |a odborná, vedecká literatúra pôvodná (slovenská)  |2 lita 
958 |a article27 
958 |a RK 
958 |a MI 
958 |a OND 
958 |a EUIPO 
992 |a RBX 
999 |c 2829892  |d 2831822